00678nam a2200229 a 4500001001300000003000900013005001700022008004100039020001300080082001300093100002300106245007000129260003900199300000800238500003500246505001000281650001300291902000800304942000700312952011400319999001500433nice12345678IN_TiNIC20260116012803.0050524s1977 phia grp 000 0 eng  ac146.2500a230bSTU aStuhlmacher, Peter aHistorical Criticism and Theological Interpretation of Scripture. aPhiladelphiabFortress Pressc1977 a93p aincludes index and biblioraphy2 aIndex aTheology bSRS cBK 001040708StackRoom-aHMIbHMId2007-06-12g146.25l0o230 STUp011362r2007-06-12v146.25w2005-05-24yBK c8367d8367